Diccionario histórico de Chile
Na minha lista:
| Main Authors: | , , , |
|---|---|
| Formato: | Livro |
| Idioma: | espanhol |
| Publicado em: |
Santiago
Del Pacífico
1978
|
| Edição: | 5a. ed |
| Assuntos: | |
| Tags: |
Adicionar Tag
Sem tags, seja o primeiro a adicionar uma tag!
|
MARC
| LEADER | 00000nam a2200000 a 4500 | ||
|---|---|---|---|
| 001 | UCZ1147 | ||
| 003 | CL-VaPUC | ||
| 008 | 950811e19780400CL |||||||||||||||||spa|d | ||
| 082 | 0 | 4 | |a 983.03 |b FUE |2 21 |
| 100 | 0 | |a Fuentes, Jordi |e author |9 344577 | |
| 700 | 0 | |a Cortés, Lía |e author |9 344578 | |
| 700 | 0 | |a Castillo I., Fernando |e author |9 344579 | |
| 700 | 0 | |a Valdés, Arturo |e author |9 344580 | |
| 245 | 1 | 0 | |a Diccionario histórico de Chile |
| 250 | |a 5a. ed | ||
| 300 | |a 669 p | ||
| 942 | |c BK | ||
| 945 | |d 19950811 00:00:00 |a cmena | ||
| 260 | |a Santiago |b Del Pacífico |c 1978 | ||
| 650 | 0 | |a Historia |9 255047 | |
| 650 | 0 | |a Diccionarios |9 256200 | |
| 650 | 0 | |a Glosarios |9 261047 | |
| 651 | 7 | |a CHILE |2 CL-VaPUC |9 344581 | |
| 583 | |a last modification |c 19950811 00:00:00 |k Rodrigo Vera | ||
| 999 | |c 237949 |d 237947 | ||
| 952 | |0 0 |1 0 |4 0 |6 983_030000000000000_FUE_1978 |7 0 |8 X |9 247795 |a BIBEDU |b BIBEDU |d 2019-11-18 |i 1556665 |o 983.03 FUE 1978 |p 1556665 |r 2023-01-13 |w 2019-11-18 |y BK_X |k EDU | ||
| 952 | |0 0 |1 0 |4 0 |6 983_030000000000000_FUE_1978 |7 0 |8 X |9 247796 |a BIBCUR |b BIBCUR |d 2019-11-18 |i 1766732 |o 983.03 FUE 1978 |p 1766732 |r 2025-04-22 |w 2019-11-18 |y BK_X |k BCB | ||